Analýza aktuálneho stavu integrácie hotelových podnikov na Slovensku

Enregistré dans:
Détails bibliographiques
Auteur principal: Veszprémi Sirotková, Anna, 1966-
Format: Chapitre de livre
Langue:slovaque
Sujets:
Tags: Ajouter un tag
Pas de tags, Soyez le premier à ajouter un tag!

MARC

LEADER 00000naa$a2200000$$$4500
001 0147962
005 20240502072652.4
041 0 |a slo 
044 |a SK 
245 1 0 |a Analýza aktuálneho stavu integrácie hotelových podnikov na Slovensku  |c Anna Sirotková 
610 2 0 |a hotely 
610 2 0 |a integrácia 
610 2 0 |a trhy 
610 2 0 |a globalizácia 
100 1 |a Veszprémi Sirotková, Anna, 1966-